Vrai ou Faux - Droit et masdakisation - Statistiques

Statistiques générales
  • Ce quiz a été pris 34 fois
  • Le résultat moyen est 6 sur 10
Statistiques - réponses
Question Réponse % Correct
Un salarié n'est pas obligé de répondre aux appels de son employeur en dehors de ses heures de travail. Vrai
97%
Lorsque vous passez en caisse, le caissier a le droit de fouiller votre sac sans avoir besoin de votre accord. Faux
88%
En droit français, le droit de rétractation, permet au consommateur d'avoir le droit d'annuler un contrat de vente sous une durée légale maximum de 14 jours. Vrai
88%
Le locataire a le droit d'exiger de son bailleur un DPE valide, notamment lors d'une reconduction tacite du bail. Vrai
88%
Les commerces ont l'interdiction de vendre des cigarettes électronique à des mineurs (personne ayant moins de 18 ans). Vrai
88%
En dehors de la période d'essai, un salarié peut rompre son contrat en CDD avant sa fin prévue sans accord et sans justification auprès de son employeur. Faux
52%
Le conducteur a le droit de payer le péage d'autoroute avec son téléphone. Faux
42%
Le maire a le droit de refuser un mariage si une personne se marie avec un étranger en situation irrégulière. Faux
39%
Un professeur de musique peut exiger un certificat médical pour un élève en cas d'absence à un contrôle car il avait comme justification qu'il était un peu malade. Faux
30%
La plupart des cinémas remboursent au client la séance si le client part au plus tard 30 minutes après le début du film. Vrai
30%
Aucun quiz correspondant
Distribution des résultats
% des personnes avec chaque résultat
Percentile par nombre de réponses
Votre historique - résultats
Vous n’avez pas pris ce quiz